| 000 | 00456pab a2200169 454500 | ||
|---|---|---|---|
| 008 | 180718b2008 xxu||||| |||| 00| 0 eng d | ||
| 100 | _aMishra, Rajesh et al | ||
| 245 | _aTrends of illicit narcotic drug trading in Chhattisgarh state: a data base study | ||
| 260 | _c2008 | ||
| 300 | _ap.35-42. | ||
| 362 | _aJul-Sep | ||
| 650 | _aDrugs - India - Chhattisgarh | ||
| 650 | _aDrugs | ||
| 773 | _aIndian Police Journal | ||
| 908 | _aN | ||
| 909 | _a82639 | ||
| 999 |
_c82639 _d82639 |
||